As de la première guerre mondiale. - Statistiques

Statistiques générales
  • Ce quiz a été pris 225 fois
    107 depuis la dernière actualisation
  • Le résultat moyen est 3 sur 15
Statistiques - réponses
Victoires probables Officielles Nationalité Pilote % Correct
88 53 Georges Guynemer
71%
107 75 René Fonck
66%
83 80 Manfred von Richthofen
65%
57 43 Charles Nungesser
25%
72 72 Billy Bishop
14%
62 62 Ernst Udet
8%
54 54 Andrew Beauchamp-Proctor
5%
66 50 Edward Mannock
5%
105 41 Georges Madon
5%
54 54 Donald R. MacLaren
4%
57 57 James MacCudden
4%
50 50 Roderic Dallas
4%
50 50 William George Barker
4%
53 53 Erich Löwenhardt
3%
61 61 Raymond Collishaw
3%
Aucun quiz correspondant
Distribution des résultats
% des personnes avec chaque résultat
Percentile par nombre de réponses
Votre historique - résultats
Vous n’avez pas pris ce quiz depuis la dernière actualisation